书目信息 |
| 题名: |
幼儿园环境创设
|
|
| 作者: | 胡悦 主编 | |
| 分册: | ||
| 出版信息: | 沈阳 东北大学出版社 2019.07 |
|
| 页数: | 187页 | |
| 开本: | 29cm | |
| 丛书名: | ||
| 单 册: | ||
| 中图分类: | G617 | |
| 科图分类: | ||
| 主题词: | 幼儿园--环境设计--学前教育--教材 | |
| 电子资源: | ||
| ISBN: | 978-7-5517-0879-1 | |
| 000 | 00842nam0 2200241 450 | |
| 001 | 0103152651 | |
| 005 | 20201103152731.0 | |
| 010 | @a978-7-5517-0879-1@dCNY47.90 | |
| 100 | @a20160112d2019 em y0chiy50 ea | |
| 101 | 0 | @achi |
| 102 | @aCN@b210000 | |
| 105 | @aa z 000yy | |
| 106 | @ar | |
| 200 | 1 | @a幼儿园环境创设@Ayou er yuan huan jing chuang she@f胡悦主编 |
| 210 | @a沈阳@c东北大学出版社@d2019.07 | |
| 215 | @a187页@c彩图, 照片@d29cm | |
| 300 | @a全国学前教育专业“十二五”规划教材学前教育专业改革创新型示范教材 | |
| 330 | @a本书共分为四单元,主要内容包括:幼儿园环境创设理论基础、幼儿园环境的设计与制作、实用玩教具的设计与制作、幼儿园主题墙面设计素材。 | |
| 606 | 0 | @a幼儿园@x环境设计@x学前教育@j教材 |
| 690 | @aG617@v5 | |
| 701 | 0 | @a胡悦@Ahu yue@4主编 |
| 801 | 0 | @aCN@bBJSZM@c20201103 |
| 905 | @b1256501-5@dG617@e1059@f5 | |
| 幼儿园环境创设/胡悦主编.-沈阳:东北大学出版社,2019.07 |
| 187页:彩图, 照片;29cm |
| 全国学前教育专业“十二五”规划教材学前教育专业改革创新型示范教材 |
| ISBN 978-7-5517-0879-1:CNY47.90 |
| 本书共分为四单元,主要内容包括:幼儿园环境创设理论基础、幼儿园环境的设计与制作、实用玩教具的设计与制作、幼儿园主题墙面设计素材。 |
| ● |
| 相关链接 |
|
|
|
|
正题名:幼儿园环境创设
索取号:G617/1059
 
预约/预借
| 序号 | 登录号 | 条形码 | 馆藏地/架位号 | 状态 | 备注 |
| 1 | 1256501 | 212565017 | 第一样本阅览室/ [索取号:G617/1059] | 在馆 | |
| 2 | 1256502 | 212565026 | 教育系资料室/ [索取号:G617/1059] | 在馆 | |
| 3 | 1256503 | 212565035 | 教育系资料室/ [索取号:G617/1059] | 在馆 | |
| 4 | 1256504 | 212565044 | 第四借阅区/ [索取号:G617/1059] | 在馆 | |
| 5 | 1256505 | 212565053 | 第四借阅区/ [索取号:G617/1059] | 在馆 |